000 00485nam a22001817a 4500
003 NUST
005 20220815200629.0
008 220815b ||||| |||| 00| 0 eng d
020 _a9780968217368
038 _aAzhar
082 _a378.161
_bMUM
100 _aMumby, Dave G.
_997354
245 _aGraduate School: winning strategies for getting in
_cDave G. Mumby
250 _a2nd edition
260 _aCanada
_bProto Press publications
_c2012
300 _a241p
942 _2ddc
_cLC
999 _c591027
_d591027